=LDR 00000nam 2200000 4500 =001 INLIS000000000022020 =005 20130612120824 =008 ***********************************Ind** =035 ##$$0010-061300000022020 =041 ##$$a Ind =082 ##$$a F Rom K =090 ##$$a F Rom K, Osb r =100 ##$$a Osboprne, Mary Pope =245 ##$$a Odisei, rakasasa bernata satu, Mary Pope Osborne =260 ##$$a 2006 $b Jakarta =300 ##$$a 109 hlm, ilus, 15 cm =650 ##$$a Fiksi anak-anak =850 ##$$a NBPNMAT